| 000 | 01201cam a2200349 a 4500 | ||
|---|---|---|---|
| 001 | 2413 | ||
| 003 | FISKH | ||
| 005 | 20260304135545.0 | ||
| 008 | 070228s2008 nyuab b 001 0 eng | ||
| 010 | _a 2007008711 | ||
| 020 | _a9780531125960 (lib. bdg.) | ||
| 020 | _a0531125963 (lib. bdg.) | ||
| 020 | _a9780531138953 (pbk.) | ||
| 020 | _a053113895X (pbk.) | ||
| 040 |
_aDLC _cDLC _dDLC _beng |
||
| 050 | 0 | 0 |
_aDS22.G45 _bG65 2008 |
| 082 | 0 | 0 |
_a950/.21092 _aB _222 |
| 100 | 1 | _aGoldberg, Enid A. | |
| 245 | 1 | 0 |
_aGenghis Khan : _b13th-century Mongolian tyrant / _cEnid A. Goldberg & Norman Itzkowitz. |
| 260 |
_aNew York : _bScholastic, _c2008. |
||
| 300 |
_a128 pages : _billustrations, map ; _c18 cm |
||
| 490 | 0 | _aA wicked history | |
| 505 | _aR | ||
| 520 | _aTraces the life of the chief of the small Mongol tribe who established a vast empire from Peking to the Black Sea in the thirteenth century. | ||
| 521 | 8 |
_a680
_bLexile NC |
|
| 521 | 8 |
_aR
_bRaz-Plus |
|
| 600 | 0 | 0 |
_aGenghis Khan, _d1162-1227. |
| 650 | 0 |
_aMongols _xKings and rulers _vBiography. |
|
| 700 | 1 |
_aItzkowitz, Norman. _eillustrator |
|
| 906 |
_a7 _bcbc _corignew _d1 _eecip _f20 _gy-gencatlg |
||
| 942 |
_2ddc _cBK _n0 |
||
| 999 |
_c2413 _d2413 |
||